| 000 -CABECERA |
| Longitud fija campo de control |
00837nam a2200193 a 4500 |
| 001 - NÚMERO DE CONTROL |
| Número de control |
1244 |
| 003 - IDENTIFICADOR DEL NÚMERO DE CONTROL |
| Identificador del número de control |
CDMR |
| 005 - FECHA Y HORA DE LA ÚLTIMA TRANSACCIÓN |
| Fecha y hora de la última transacción |
20151022113602.0 |
| 008 - CÓDIGOS DE INFORMACIÓN DE LONGITUD FIJA |
| Códigos de información de longitud fija |
130130s1982||||||||||||||||||||||||||||d |
| 040 ## - FUENTE DE LA CATALOGACIÓN |
| Centro catalogador de origen |
CDMR |
| Lengua de catalogación |
cat |
| Centro transcriptor |
CDMR |
| 110 2# - PUNTO DE ACCESO PRINCIPAL-NOMBRE DE ENTIDAD CORPORATIVA |
| 9 (RLIN) |
966 |
| Nombre de entidad corporativa o nombre de jurisdicción como elemento inicial |
Asociación de Corresponsales y Colaboradores de Prensa Española (Barcelona, Catalunya) |
| 245 10 - MENCIÓN DE TÍTULO |
| Título |
Estudio sobre el Régimen Jurídico del derecho de libertad de expresión y propuesta de A.C.Y.C.P.E. sobre los proyectos legislativos en curso |
| 260 ## - PUBLICACIÓN, DISTRIBUCIÓN, ETC. (PIE DE IMPRENTA) |
| Lugar de publicación, distribución, etc. |
Barcelona |
| Fecha de publicación, distribución, etc. |
1982 |
| Nombre del editor, distribuidor, etc. |
Asociación de Corresponsales y Colaboradores de Prensa Española |
| 300 ## - DESCRIPCIÓN FÍSICA |
| Extensión |
24 p. |
| Dimensiones |
30 cm |
| 650 04 - PUNTO DE ACCESO ADICIONAL DE MATERIA - TÉRMINO DE MATERIA |
| 9 (RLIN) |
4383 |
| Término de materia o nombre geográfico como elemento inicial |
Premsa |
| Subdivisión de materia general |
Dret i legislació |
| Subdivisión geográfica |
Espanya |
| 650 04 - PUNTO DE ACCESO ADICIONAL DE MATERIA - TÉRMINO DE MATERIA |
| 9 (RLIN) |
3073 |
| Término de materia o nombre geográfico como elemento inicial |
Llibertat d'expressió |
| 710 2# - PUNTO DE ACCESO ADICIONAL - NOMBRE DE ENTIDAD |
| 9 (RLIN) |
966 |
| Nombre de entidad o nombre de jurisdicción como elemento inicial |
Asociación de Corresponsales y Colaboradores de Prensa Española (Barcelona, Catalunya) |
| 942 ## - ENTRADA DE ELEMENTOS AGREGADOS (KOHA) |
| Koha [por defecto] tipo de item |
Monografies |
| Fuente de clasificaión o esquema |
|